000 00672nam a2200229 i 4500
001 C2-0108331
003 PPAK
005 20180727102458.0
008 970619s xx |||| ||||| | may d
040 _aPPAK
_beng
_cPPAK
_erda
082 0 4 _a301
_223
090 0 0 _a301
_bAZI
_dKK
100 0 _aAzizi Haji Abdullah,
_d1942-2011
_eauthor
245 1 0 _aAzizi menulis
264 1 _a[place of publication not identified] :
_b[publisher not identified] ,
_c[date of publication not identified]
300 _a[135 pages] ;
_c22 cm
336 _2rdacontent
_atext
337 _2rdamedia
_aunmediated
338 _2rdacarrier
_avolume
650 1 0 _aSociology
942 _ddc
_cB
999 _c26648
_d26648